00922nam a2200229Ia 4500001002200000003000900022008004100031040002300072041001300095100002900108245001500137250001500152260006500167300001900232490004900251501012400300700002200424942000700446957000600453999004100459952019200500909-EUT al an (19403)IT-MiSPE171229s9999||||xx |||||||||||||| ||und|| aIT-MiSPEcIT-MiSPE aITALIANO aEutichio di Alessandria  0aGli annali a1a ed. (v) aCairobFranciscan Centre of Christian Oriental Studiesc1987 a536 p. c24 cm aStudia Orientalia Christiana Monographiaev1 aEdizioni San Paolo srl - Piazza Soncino, 5 - 20092 CINISELLO BALSAMO (MI) (non commercial uses only) ® Copyright 2018 aBartolomeo Pirone cBK 71 a5810bNOg Copie: 1 c355624d355624 0010406909EUT_AL_AN_1940371aCINISELLObCINISELLOd2017-12-30l0o909-EUT al an (19403)r2017-12-30 00:00:00w2017-12-30yBKz(data import: 20 dicembre 2017) - By Epidotti, Vaglietti.